| 000 | 00643nam a2200193 a 4500 | ||
|---|---|---|---|
| 001 | 000024352 | ||
| 005 | 20200930022933.0 | ||
| 008 | 110126s1980 mx r 000 0 spa d | ||
| 040 |
_aDO-SdBNP _bspa _cBNPHU |
||
| 082 |
_axxxxx _bS699r |
||
| 100 | 1 |
_aSontag, Frederick _949944 |
|
| 245 | 1 | 3 |
_aLa revolución y la religión en la vida del pueblo americano / _cFrederick Sontag , John K. Roth ; traducción Ma. Elisa Moreno. |
| 260 |
_aMéxico, D. F. : _bN.O.E.M.A., _c1980. |
||
| 300 |
_a156 p. ; _c21 cm. |
||
| 534 | _aGod and amerca´s future. | ||
| 700 | 1 |
_aK. Roth, John _949945 |
|
| 700 | 1 |
_aMoreno, Ma. Elisa, _etr. _96202 |
|
| 049 | _aBNGR | ||
| 999 |
_c23845 _d23845 |
||